| 000 | 01044nam a2200229 i 4500 | ||
|---|---|---|---|
| 001 | 163971 | ||
| 003 | ES-MaACL | ||
| 005 | 20250716052852.0 | ||
| 008 | 950206s1853 sp a |||| | spa d | ||
| 040 | _aCLM | ||
| 100 | 1 |
_aRosell, Cayetano, _d1817-1883 _999681 |
|
| 245 | 1 | 0 |
_aHistoria del combate naval de Lepanto, y juicio de la importancia y consecuencias de aquel suceso : _bobra premiada por voto unánime de la Real Academia de la Historia, en el concurso de 1853 / _csu autor Cayetano Rosell. |
| 260 |
_aMadrid : _b[s.n.], _c1853 ( _fImp. de la Real Academia de la Historia) |
||
| 300 |
_a260 p., [1] h. de mapa, [1] h. de lám. ; _c27 cm. |
||
| 597 | _aPort. con esc. real. | ||
| 599 | _aEl mapa es litografía de la Batalla de Lepanto. | ||
| 599 | _aLa h. de lám. es litografía: "Lit. de F. Kraus", medallas citadas en la p. 127. | ||
| 650 |
_aBatalla de Lepanto, 1571. _9171486 |
||
| 710 | 2 |
_aReal Academia de la Historia (España) _96309 |
|
| 852 |
_aES-MaACL _jF-2637 _z- Enc. hol. |
||
| 999 |
_c163971 _d163971 |
||